Open Data Biblioteca Nacional de Portugal


República Portuguesa: Ministério da Cultura
Biblioteca Nacional de Portugal

Catálogo da BNP: acesso por Identificadores Unívocos
Registos Bibliográficos associados ao registo de autoridade

Etiqueta de registo: 00254nam 2200025 450
001 2219311
003 http://id.bnportugal.gov.pt/bib/catbnp/2219311
021 ## $aPT$b539825/24
100 ## $a20250704d2024 m y0pory01030103ba
101 0# $apor
102 ## $aPT
105 ## $aa z 000yy
106 ## $ar
200 1# $a Os primeiros Grupos de Folclore do Concelho de Ponte de Lima, 1892-1960$fAmândio Amorim de Sousa Vieira$gtrad. de texto de 1875 Margarida Luciano Martins
210 #9 $a[S.l.]$cAmândio Amorim de Sousa Vieira,$d2024
215 ## $a63 p.$cil.$d23 cm
675 ## $a394.3(469.111)"1892/1960"$vBN$zpor$31961499
675 ## $a793.3(469.111)"1892/1960"$vBN$zpor$31961500
700 #1 $aVieira,$bAmândio de Sousa,$f1949-$380671
702 #1 $aMartins,$bMargarida Luciano$4730$31959379
801 #0 $aPT$bBN$gRPC
856 41 $uhttp://rnod.bnportugal.gov.pt/ImagesBN/winlibimg.aspx?skey=&doc=2219311&img=210140&save=true
900 ## $aBIBNAC$d20250801
966 ## $lBN$mFGMON$sS.C. 167151 V.$x1
966 ## $lBN$mFGMON$sS.C. 167151 V.-D$x1
971 ## $cssilva$d20250704
972 ## $e0$z0$d20250801$vasantos
973 ## $cigoulao$d20250723

Etiqueta de registo: 00254nam 2200025 450
001 2285876
003 http://id.bnportugal.gov.pt/bib/catbnp/2285876
010 ## $a978-989-9215-15-3
021 ## $aPT$b560116/26
100 ## $a20260506d2026 m d0pory01030103ba
101 0# $apor
102 ## $aPT
105 ## $aa z 000yy
106 ## $ar
200 1# $aGrupos de Folclore do Concelho de Ponte de Lima, 1892-2025$fAmândio Amorim de Sousa Vieira$gcoord. Paulo Barreiro de Sousa$gfot. Amândio Amorim de Sousa Vieira... [et al.]$gtrad. de texto de 1875 Margarida Luciano Martins
210 #9 $aPonte de Lima$cMunicípio de Ponte de Lima,$d2026
215 ## $a170 p.$cil.$d31 cm
675 ## $a398.8(469.111)"1892/2025"$vBN$zpor$32001469
675 ## $a784.4(469.111)"1892/2025"$vBN$zpor$32001471
700 #1 $aVieira,$bAmândio de Sousa,$f1949-$380671
702 #1 $aSousa,$bPaulo Barreiro de$4340$31977465
702 #1 $aMartins,$bMargarida Luciano$4730$31959379
801 #0 $aPT$bBN$gRPC
856 41 $uhttp://rnod.bnportugal.gov.pt/ImagesBN/winlibimg.aspx?skey=&doc=2285876&img=223683&save=true
966 ## $lBN$mFGMON$sS.C. 9402 A.$x1
966 ## $lBN$mFGMON$sS.C. 9402 A.-D $x1
971 ## $cssilva$d20260506
973 ## $caalmeid$d20260623

OpendataBNP@bnportugal.pt | Mais informação sobre acesso aos dados BNP